| 000 | 00405cam a2200133K 4500 | ||
|---|---|---|---|
| 082 |
_a620.136 _bABD _cL- NUST 01, P-98. |
||
| 100 | 1 |
_aMajid abdul _941004 |
|
| 245 | 1 | 2 |
_aPortland cements production, properties and applications _cAbdul majid |
| 260 |
_aLahore _aLahore _cc1952. |
||
| 300 |
_aiv, 302 p.) _bill. _c30 cm. |
||
| 526 |
_a0 _b0 _c0 _d620_136000000000000_ABD |
||
| 650 | 0 |
_aMCE _9379 |
|
| 942 |
_2ddc _cBK |
||
| 999 |
_c545214 _d545214 |
||